Automatizované sledovanie pohybu zásob nakupovaného materiálu v interaktívnom režime na počítačoch SMEP v podniku ZPA Prešov záverečná práca postgraduálneho štúdia

Gespeichert in:
Bibliographische Detailangaben
1. Verfasser: Ochtinský, Juraj
Körperschaft: Vysoká škola ekonomická v Bratislave
Weitere Verfasser: Varcholová, Tatiana
Format: Buch
Sprache:Slowakisch
Veröffentlicht: Košice 1991
Tags: Tag hinzufügen
Keine Tags, Fügen Sie das erste Tag hinzu!

MARC

LEADER 00000nam a2200000 4500
001 c033486
005 20260108101547.8
041 0 |a slo 
044 |a SK 
245 1 0 |a Automatizované sledovanie pohybu zásob nakupovaného materiálu v interaktívnom režime na počítačoch SMEP v podniku ZPA Prešov  |b záverečná práca postgraduálneho štúdia  |c Juraj Ochtinský ; ved. práce Tatiana Varcholová 
264 1 |a Košice  |c 1991 
300 |a 39 s. 
100 1 |a Ochtinský, Juraj 
700 1 |a Varcholová, Tatiana 
710 2 |a Vysoká škola ekonomická v Bratislave